| 000 | 00498nam a2200169 a 4500 | ||
|---|---|---|---|
| 001 | 000048085 | ||
| 005 | 20201002060918.0 | ||
| 008 | 181114s2015 dr 000 spa d | ||
| 020 | _a9789945600049 | ||
| 040 |
_aDO-SdBNP _bspa _cBNPHU |
||
| 082 |
_axxx _bG924p |
||
| 100 |
_aGuerrero Ramírez, Rafael _955963 |
||
| 245 | 0 |
_aPlenitud de vida en cristo. / _cRafael Guerrero Ramírez. |
|
| 260 |
_aSanto Domingo : _bSantuario, _c2015. |
||
| 300 |
_a45 p. ; _c22 cm. |
||
| 590 | _aInventariado, 2018 / DG | ||
| 999 |
_c47573 _d47573 |
||